Statistics for Most World Cup Goals Ever

Click here to take the quiz!

General Stats

  • This quiz has been taken 13 times
  • The average score is 8 of 15

Answer Stats

HintAnswer% Correct
BrazilRonaldo
100%
GermanyGerd Muller
92%
ArgentinaLionel Messi
92%
GermanyThomas Muller
92%
GermanyMiroslav Klose
83%
FranceKylian Mbappe
67%
BrazilPele
67%
EnglandGary Lineker
42%
ArgentinaGabriel Batistuta
33%
GermanyJurgen Klinsman
33%
FranceJust Fontaine
33%
PolandGrzegorz Lato
25%
HungarySandor Kocsis
17%
PeruTeofilo Cubillas
17%
GermanyHelmut Rahn
8%

Score Distribution

Percentile by Number Answered

Percent of People with Each Score

Your Score History

You have not taken this quiz